[Event "Tbilisi FIDE GP"]
[Site "Tbilisi"]
[Date "2015.02.15"]
[Round "1"]
[White "Svidler, Peter"]
[Black "Giri, Anish"]
[Result "0-1"]
[WhiteElo "2739"]
[BlackElo "2797"]
[Annotator "Krasenkow,M"]
[PlyCount "58"]
[EventDate "2015.02.15"]
[EventType "tourn"]
[EventRounds "11"]
[EventCountry "GEO"]
[EventCategory "20"]
[SourceTitle "CBM 165"]
[Source "ChessBase"]
[SourceDate "2015.03.11"]
[SourceVersion "1"]
[SourceVersionDate "2015.03.11"]
[SourceQuality "1"]

1. Nf3 d5 2. d4 Nf6 3. c4 e6 4. Nc3 Bb4 5. Qa4+ Nc6 6. e3 O-O 7. Bd2 dxc4 8.
Bxc4 Bd6 9. h3 {A prophylactic move. White protects the important g4-square
and keeps the option of castling long. However, it is too slow, and Black
should easily equalise.} (9. Nb5 {is the main line examined in a survey in CBM
153.}) 9... a6 (9... Bd7 10. Qc2 e5 11. O-O (11. d5 Nb4 12. Qb3 a5 13. a3 e4 $1
14. Nd4 Na6 15. Qc2 Nc5 16. O-O Qe7 17. Ncb5 Be5 18. b4 Nd3 19. bxa5 c6 20.
dxc6 bxc6 21. Nc3 c5 $13 {1-0 (42) Manolache,M (2549)-Doncea,V (2415) Arad 2012
}) 11... exd4 12. exd4 Qc8 (12... Nb4 13. Qd1 c6 14. Bg5 Be7 15. Bxf6 Bxf6 16.
Qb3 b5 17. Bxf7+ Rxf7 18. Qxb4 $16 {1/2 (145) Bu,X (2710)-Naroditsky,D (2601)
Las Vegas 2014}) 13. Nb5 Bxh3 14. Nxd6 (14. gxh3 Qxh3 15. Nxd6 Qg4+ $11) 14...
Qg4 15. Ne1 Nxd4 16. f3 {1-0 (31) Mareco,S (2583)-Mekhitarian,K (2487) Santos
2011} Nxc2 17. fxg4 Nxa1 18. Nxf7 Bxg4 $13) (9... e5 $5 10. d5 Ne7 11. e4 a6
12. a3 {1/2 (38) Polak,T (2522)-Hainke,G (2318) Livigno 2012} c6 13. dxc6 Nxc6
$11) 10. O-O {A natural move but practice has seen other options:} (10. Be2 e5
$1 (10... Bd7 11. Qb3 Qe7 12. O-O b5 13. Ng5 e5 14. d5 (14. dxe5 $6 Qxe5 15. f4
Qe7 16. Bf3 Rad8 17. Rae1 h6 18. Nge4 Nxe4 19. Nxe4 Be6 20. Qc3 Bb4 21. Qxc6
Bxd2 $15 {1-0 (66) Nikolic,P (2638)-Oms Pallisse,J (2506) Barcelona 2012})
14... Na5 15. Qc2 $14) 11. d5 Ne7 12. e4 Bd7 13. Qc2 c6 14. dxc6 Bxc6 15. Bg5
Ng6 16. Rd1 h6 17. Be3 Qe7 18. O-O Rac8 $11 19. Qb1 b5 $15 {1/2 (25) Dobrov,V 
(2499)-Yemelin,V (2564) Serpukhov 2007}) (10. Qc2 b5 11. Be2 Bb7 12. a3 e5 13.
dxe5 Nxe5 14. Nxe5 Bxe5 15. Bf3 Qc8 16. Ne2 c5 {1/2 (16) Malakhatko,V (2562)
-Jakobsen,O (2387) Salou 2005}) (10. e4 e5 11. dxe5 Nxe5 12. Nxe5 Bxe5 13.
O-O-O c6 (13... Qe7 $5) 14. f4 b5 15. Qc2 bxc4 16. fxe5 Nd7 17. Bf4 Qe7 18. Qa4
Nxe5 19. Bxe5 Qxe5 20. Qxc6 Be6 21. Qd6 Qa5 22. Qg3 Rfd8 $11 {1/2 (30)
Guidarelli,L (2498)-Estremera Panos,S (2345) Chambery 2014}) (10. a3 h6 (10...
e5 $11) 11. O-O e5 12. Qc2 Re8 13. dxe5 Nxe5 14. Nxe5 Rxe5 15. e4 Rh5 16. Rfe1
Ng4 $13 {0-1 (22) Thomassen,J (2332)-Sanikidze,T (2600) Novi Sad 2009}) 10...
e5 {This standard advance is the essence of Black's plan.} 11. Qc2 (11. Rad1 $6
exd4 12. exd4 Bf5 13. Ne5 Nxd4 14. Nxf7 Rxf7 15. Bxf7+ Kxf7 16. Be3 Nb5 17.
Nxb5 axb5 18. Qxb5 Qc8 $17 {1/2 (30) Dizdarevic,E (2540)-Sosonko,G (2515) Pula
1997}) (11. d5 Ne7 12. Qc2 h6 13. a4 Ng6 14. Bd3 Nh7 15. Bxg6 fxg6 16. Nh2 Bf5
{1/2 (18) Leitao,R (2620)-Saldano Dayer,H (2415) Campinas 2010}) 11... b5 (
11... exd4 {is also quite enough for equality:} 12. exd4 b5 13. Be2 Nb4 14. Qd1
(14. Qb1 Bb7 15. Bg5 Re8 $132 {1-0 (30) Iskusnyh,S (2485)-Karpeshov,O (2408)
Samara 2002}) 14... Bb7 15. a4 bxa4 16. Rxa4 $11 (16. Nxa4 $143 Ne4 $1 17. Bxb4
Bxb4 18. Qc2 Ng5 19. Qb3 Nxf3+ 20. Bxf3 Bxf3 21. Qxf3 Qxd4 $17 {1/2 (42)
Yermolinsky,A (2517)-Zilberstein,D (2410) San Fransisco 2007})) 12. Be2 (12.
Bb3 $6 Bb7 (12... exd4 $5 13. exd4 Na5) 13. Ne2 exd4 14. exd4 Ne7 15. Ne5 c5 (
15... Be4 $5 16. Qc3 Nfd5) 16. Nxf7 Rxf7 17. dxc5 Rc8 18. Bxf7+ Kxf7 19. b4 Bb8
20. Rad1 Qd5 21. f3 Qf5 22. Qxf5 Nxf5 23. Rfe1 Nd5 $15 {0-1 (46) Mchedlishvili,
M (2635)-Khismatullin,D (2584) Plovdiv 2008}) (12. dxe5 Nxe5 13. Be2 Bb7 14.
Nxe5 Bxe5 15. Rad1 Qe7 16. a4 b4 17. Na2 c5 18. Nc1 Rac8 19. b3 Bb8 $15 {
0-1 (34) Semcesen,D (2387)-Halkias,S (2579) Reykjavik 2008}) 12... Bb7 13. a3
Re8 14. d5 $6 {After this move Black opens up the centre and obtains pressure
due to his development advantage.} (14. Bd3 {(preventing 14...e4) is probably
the best option although it is rather White who should worry about equality:}
b4 (14... exd4 $5 15. exd4 b4) (14... Nxd4 $5 15. exd4 e4 16. Nxe4 Bxe4 $11)
15. Ne4 exd4 16. Rfe1 $1 Ne5 $1 17. Nxe5 Bxe4 (17... Nxe4 18. exd4 Nxd2 19.
Qxd2 c5 $13) (17... Bxe5 18. Nc5 $44) 18. exd4 Bxd3 19. Nxd3 Rxe1+ 20. Bxe1
bxa3 21. bxa3 Bf8 $11) 14... Ne7 15. e4 c6 $1 {[%mdl 32]} 16. dxc6 Nxc6 17. Be3
Nd4 $1 18. Nxd4 exd4 19. Bxd4 Nxe4 $15 20. Bf3 {After this move White's pawn
structure gets destroyed but his position was quite unpleasant in any case, e.
g.} (20. Rad1 Qg5 21. Be3 Qe5 22. f4 Qe7 $15) 20... Rc8 21. Rfe1 Nxc3 22. Rxe8+
Qxe8 23. Bxc3 Bxf3 24. gxf3 Qe6 25. Rd1 Rc5 26. h4 Rc4 27. Qd3 Bf8 28. Qd8 Qf5
29. Qa8 $4 {[%mdl 8192]} (29. Bb4 {was not good due to} Rc8) (29. Rd4 $15 {
was a must.}) 29... Rxh4 ({It is hard to say what exactly White overlooked.
Perhaps} 29... Rxh4 30. Bb4 (30. Rd8 $4 Qb1+) 30... Qg5+ 31. Kf1 Rh1+ 32. Ke2
Qe5+) 0-1

[Event "Khanty-Mansiysk FIDE GP"]
[Site "Khanty-Mansiysk"]
[Date "2015.05.19"]
[Round "5"]
[White "Nakamura, Hikaru"]
[Black "Svidler, Peter"]
[Result "1/2-1/2"]
[WhiteElo "2799"]
[BlackElo "2734"]
[Annotator "Krasenkow,M"]
[PlyCount "61"]
[EventDate "2015.05.14"]
[EventType "tourn"]
[EventRounds "11"]
[EventCountry "RUS"]
[EventCategory "21"]
[SourceTitle "CBM 167"]
[Source "ChessBase"]
[SourceDate "2015.07.13"]
[SourceVersion "1"]
[SourceVersionDate "2015.07.13"]
[SourceQuality "1"]

1. d4 {[%emt 0:00:03]} Nf6 {[%emt 0:00:08]} 2. c4 {[%emt 0:00:06]} g6 {[%emt 0:
00:05]} 3. Nc3 {[%emt 0:00:07]} d5 {[%emt 0:00:03]} 4. Nf3 {[%emt 0:00:06]} Bg7
{[%emt 0:00:06]} 5. h4 {[%emt 0:00:04] A popular continuation. Peter Svidler
choses a simple reply.} c6 {[%emt 0:01:57] Alternatives:} (5... h5) (5... h6) (
5... c5) (5... O-O) (5... dxc4) 6. Bg5 {[%emt 0:01:07]} (6. cxd5 cxd5 7. Bf4 {
is also popular.}) 6... h6 $6 {[%emt 0:08:21] Just forcing the exchange.
However, it is hardly worth a tempo. Other moves seen in practice deserve more
attention:} (6... Ne4) (6... O-O) (6... dxc4) 7. Bxf6 {[%emt 0:01:54]} (7. Bf4
Qb6 (7... O-O $5 8. Qc1 {was probably White's idea but I don't see any sense
in it after, say,} h5) 8. c5 Qd8 9. e3 O-O 10. Be2 Bg4 {1/2 (10) Forcen
Esteban,D (2519)-Kovchan,A (2576) La Roda ESP 2015}) 7... Bxf6 {[%emt 0:00:10]}
8. h5 {[%emt 0:00:13]} (8. e3 {is also possible:} Bg7 (8... e6 9. Qc2 Nd7 ({
Svidler's plan with} 9... a6 {should be checked here, too}) 10. O-O-O Bg7 11.
Kb1 O-O 12. cxd5 cxd5 13. Bd3 b6 14. Rc1 a6 15. Ne2 Bb7 16. Qc7 Rb8 17. Qg3 Re8
18. Ne5 $14 {1/2 (62) Hansen,S (2561)-Akesson,R (2462) Pattaya 2013}) 9. Qc2
O-O 10. Bd3 Be6 11. cxd5 cxd5 12. Qb3 Qb6 13. Qxb6 axb6 14. Kd2 Rd8 15. Rhc1
Bg4 16. Nh2 Bf5 17. Bxf5 gxf5 18. f4 Nc6 19. h5 e6 20. g4 $14 {1-0 (52) Najer,
E (2626)-Wan,Y (2494) China 2013}) (8. cxd5 cxd5 9. Qb3 {is not too promising:}
e6 10. e4 O-O 11. O-O-O Nc6 12. Kb1 Bg7 13. h5 g5 14. Bb5 Na5 15. Qc2 a6 16.
Bd3 Nc6 $132 {0-1 (48) Shtyrenkov,V (2337)-Alexeev,A (2316) Simferopol 2013})
8... g5 {[%emt 0:00:10]} 9. e3 {[%emt 0:00:11]} e6 {[%emt 0:15:41]} 10. Qc2 {
[%emt 0:02:07]} ({In the following game White didn't play well:} 10. Bd3 Bg7
11. cxd5 $6 cxd5 12. Rc1 Nc6 13. Qb3 Bd7 14. Nb5 $6 O-O 15. g4 $6 a6 16. Nc3 e5
$1 17. Nxe5 Nxe5 18. dxe5 Bxg4 19. f4 d4 $1 $19 {1-0 (44) Abarca Gonzalez,N 
(2267)-Valenzuela Fuentealba,L (2474) Punta Arenas 2014}) 10... a6 {[%emt 0:08:
17]} 11. O-O-O {[%emt 0:04:37]} b5 {[%emt 0:07:03]} 12. c5 {[%emt 0:00:35]
[%mdl 32] A logical attempt to keep the position closed; however, Black
"doesn't conform".} g4 {[%emt 0:00:52]} 13. Nh2 {[%emt 0:11:29]} e5 {[%emt 0:
04:23]} 14. Ne4 $1 {[%emt 0:02:55][%mdl 64] A nice reply to Black's idea.
Generally, we can conclude that 5...c6 and 6...h6 is not the best concept for
Black in this system.} O-O {[%emt 0:00:27]} (14... dxe4 $2 15. dxe5 $18) 15.
Nd6 {[%emt 0:17:18]} Bg7 {[%emt 0:03:50]} 16. Nxc8 {[%emt 0:35:41] It is
sometimes useful to trade a strong knight for a seemingly passive bishop (e.g.
when the latter is an important defender of the opponent's position). However,
this is probably not the case.} (16. Be2 $5 f5 17. f3 {, opening up the
kingside when Black's queenside is completely undeveloped, was a strong
continuation.}) 16... Qxc8 {[%emt 0:00:08]} 17. f3 {[%emt 0:00:43]} g3 {
[%emt 0:15:00]} 18. Ng4 {[%emt 0:00:11]} Qe6 {[%emt 0:00:04]} 19. Nxe5 {
[%emt 0:10:50]} Bxe5 {[%emt 0:00:13]} 20. dxe5 {[%emt 0:00:05]} Qxe5 {[%emt 0:
00:11]} 21. e4 {[%emt 0:01:44]} Nd7 $1 {[%emt 0:03:17] Black has miraculously
completed his development, However, White's advantage (a strong bishop and the
weakness of Black's kingside) is still clear.} 22. exd5 {[%emt 0:03:18]} cxd5 {
[%emt 0:02:23]} 23. Kb1 {[%emt 0:00:10]} Rfc8 {[%emt 0:01:13]} 24. Rh4 $6 {
[%emt 0:04:34] It was not necessary to give up the c5-pawn for nothing when it
was possible to take the h6 or d5-pawn for it:} (24. Qd2 $142 $1 $16) 24...
Rxc5 {[%emt 0:12:12]} 25. Qd2 {[%emt 0:00:09]} Qd6 {[%emt 0:04:55]} 26. Rg4+ {
[%emt 0:03:26]} Kf8 {[%emt 0:01:13]} 27. Qd4 {[%emt 0:02:22]} Nf6 {[%emt 0:10:
26]} 28. Rf4 {[%emt 0:02:23]} Rc6 {[%emt 0:00:14]} 29. Bd3 {[%emt 0:00:32]} Re8
{[%emt 0:00:58]} 30. Rf5 {[%emt 0:00:11]} Re6 {[%emt 0:00:47]} 31. a3 {[%emt 0:
01:24] Black has kept an extra pawn; however, it is extremely difficult to
convert it due to White's active pieces. Therefore the players agreed a draw.}
1/2-1/2

[Event "Khanty-Mansiysk FIDE GP"]
[Site "Khanty-Mansiysk"]
[Date "2015.05.20"]
[Round "6"]
[White "Svidler, Peter"]
[Black "Giri, Anish"]
[Result "1-0"]
[WhiteElo "2734"]
[BlackElo "2776"]
[Annotator "Krasenkow,M"]
[PlyCount "165"]
[EventDate "2015.05.14"]
[EventType "tourn"]
[EventRounds "11"]
[EventCountry "RUS"]
[EventCategory "21"]
[SourceTitle "CBM 167"]
[Source "ChessBase"]
[SourceDate "2015.07.13"]
[SourceVersion "1"]
[SourceVersionDate "2015.07.13"]
[SourceQuality "1"]

1. d4 {[%emt 0:00:03]} Nf6 {[%emt 0:00:23]} 2. c4 {[%emt 0:00:05]} e6 {[%emt 0:
00:32]} 3. Nf3 {[%emt 0:00:03]} d5 {[%emt 0:00:03]} 4. Nc3 {[%emt 0:00:03]} Bb4
{[%emt 0:00:08]} 5. cxd5 {[%emt 0:00:04]} exd5 {[%emt 0:00:04]} 6. Bf4 {
[%emt 0:00:04] Hardly an ambitious line but quite possible, why not?} O-O {
[%emt 0:00:05]} 7. Rc1 $146 {[%emt 0:09:44] A new move but its value is not
quite clear.} (7. e3 {is usually played. Here is a recent example:} c5 8. Be2
c4 9. O-O Nc6 10. Ne5 Be6 11. Nxc6 bxc6 12. Qc2 Qd7 13. b3 Bf5 14. Qb2 cxb3 15.
Qxb3 Bd6 16. Bxd6 Qxd6 17. a4 a5 $11 {1/2 (51) Vorobiov,E (2579)-Predke,A 
(2533) Kazan RUS 2015}) 7... Bf5 {[%emt 0:09:44]} (7... c5 $5 8. dxc5 Ne4 {
is probably quite possible and needs practical tests. E.g.} 9. g3 $5 {deserves
attention.}) 8. a3 {[%emt 0:18:05]} Ba5 $6 {[%emt 0:02:03] Illogical. This
bishop will waste time and finally be exchanged for its white counterpart.} (
8... Bxc3+ $142 9. Rxc3 Ne4 $1 10. Rc1 (10. Rxc7 $2 g5) 10... c6 {although
White's bishop pair guarantees him a small edge.}) 9. e3 $6 {[%emt 0:08:09]} (
9. b4 $142 Bb6 10. e3 {. If Black continues ...c7-c6 and ...Bb6-c7, he loses
yet another tempo; and} a5 11. b5 a4 {[%cal Yb6a5]} 12. Bd3 {is in White's
favour, too.}) 9... c6 {[%emt 0:00:09]} 10. Be2 {[%emt 0:00:35]} Nbd7 {[%emt 0:
02:14]} 11. O-O {[%emt 0:00:34]} Re8 {[%emt 0:13:07]} 12. b4 {[%emt 0:12:08]}
Bc7 {[%emt 0:00:15]} 13. Bxc7 {[%emt 0:00:08]} Qxc7 {[%emt 0:00:04]} 14. b5 {
[%emt 0:04:38] Despite the tempo White gifted back to his opponent, his
minority attack is quite successful.} Qd6 {[%emt 0:05:07]} 15. Qb3 {[%emt 0:00:
26]} c5 {[%emt 0:07:44]} 16. dxc5 {[%emt 0:02:03]} Nxc5 {[%emt 0:00:07]} 17.
Qb4 $14 {[%emt 0:00:08] With no activity compensating for his isolated d5-pawn,
Black is doomed to long defence.} Rac8 {[%emt 0:00:25]} 18. Rfd1 {[%emt 0:02:
15]} Be6 {[%emt 0:04:02] Too passive.} (18... h6 $142) 19. h3 {[%emt 0:07:45]}
Red8 {[%emt 0:09:07]} 20. Nd4 {[%emt 0:02:31]} Qf8 {[%emt 0:12:26]} 21. b6 {
[%emt 0:05:10] Generally pawn exchanges are favourable for the defender but
White must create a second object of attack (the b7-pawn in this case).} axb6 {
[%emt 0:00:48]} 22. Qxb6 {[%emt 0:00:19]} Nfd7 {[%emt 0:01:49]} 23. Qb2 {
[%emt 0:06:51]} Nf6 {[%emt 0:01:48]} 24. Bf3 {[%emt 0:02:20]} Rd7 {[%emt 0:00:
51]} 25. Qb4 {[%emt 0:11:18]} Qd8 {[%emt 0:02:38]} 26. Nce2 {[%emt 0:03:32]}
Rdc7 {[%emt 0:04:40]} 27. Nf4 {[%emt 0:01:31]} Bd7 $6 {[%emt 0:01:57]} (27...
Qd7) 28. Qa5 $2 {[%emt 0:07:04] Both players overlooked that} (28. Bxd5 {
was quite possible as the tactical trick} Nxd5 29. Nxd5 Nd3 {didn't succeed
due to} 30. Ne7+ Kf8 (30... Kh8 31. Ndc6 $3 Bxc6 (31... Nxb4 32. Nxd8 $18 {
[%cal Rd8f7]}) (31... Rxc6 32. Rxc6 $1 Bxc6 33. Nxc8) 32. Rxc6 $1 bxc6 (32...
Rxc6 $144 33. Nxc6 bxc6) 33. Nxc8 Rxc8 34. Qb3 {, and White ends up with an
extra pawn}) 31. Rxc7 ({or} 31. Qd6 Qxe7 32. Qxe7+ Kxe7 33. Rxc7 Rxc7 34. Rxd3
$16) 31... Nxb4 32. Rxc8 Bxc8 33. Ne6+ Bxe6 34. Rxd8+ Kxe7 35. Rb8 $16) 28...
Ra8 $6 {[%emt 0:01:27]} (28... Ba4 $142 29. Rf1 Be8 {successfully holding on.})
29. Qb6 $1 {[%emt 0:00:24]} Ra6 {[%emt 0:00:06]} 30. Qb4 {[%emt 0:00:28]} Ra4 {
[%emt 0:00:12]} 31. Qb6 {[%emt 0:00:30]} Ra6 {[%emt 0:00:12]} 32. Qb4 {[%emt 0:
00:09]} Ra4 {[%emt 0:00:05]} 33. Qb2 $1 {[%emt 0:00:05] The d5 pawn is now
doomed...} Ne6 $2 {[%emt 0:15:25] ...but this move could have led to even
worse consequences.} (33... Be8 $2 34. Nf5) (33... Ra8 $142 34. Bxd5 Qe7) 34.
Nxd5 $6 {[%emt 0:04:26]} (34. Ndxe6 fxe6 35. Nxe6 $1 Bxe6 36. Qb6 {, indicated
by a number of commentators, led to an immediate collapse of Black's position.}
) 34... Rxc1 {[%emt 0:01:30]} 35. Rxc1 {[%emt 0:00:37]} Nxd4 {[%emt 0:01:15]}
36. exd4 {[%emt 0:00:40]} Nxd5 {[%emt 0:03:42]} 37. Bxd5 {[%emt 0:00:05]} b5 {
[%emt 0:00:43]} 38. Bc6 {[%emt 0:03:48]} Bxc6 {[%emt 0:03:53]} 39. Rxc6 {
[%emt 0:00:02]} h6 {[%emt 0:00:36]} 40. Qc2 $1 {[%emt 0:00:00]} Ra8 {[%emt 0:
00:00]} 41. Qc5 {[%emt 0:02:41]} Qf8 {[%emt 0:01:57]} 42. Qxb5 {[%emt 0:10:00]}
Qxa3 {[%emt 0:00:52] This position is difficult to hold for Black but it is a
dream for him compared to what could have happened several moves earlier.} 43.
Qc4 {[%emt 0:04:42]} Qf8 {[%emt 0:10:55]} 44. d5 {[%emt 0:02:13]} Qe8 {[%emt 0:
02:01]} 45. Qd4 {[%emt 0:02:38]} Rd8 {[%emt 0:07:31]} 46. Rc7 {[%emt 0:02:02]
White unnecessarily allows his opponent to stop his passed pawn on d5, and his
task becomes more difficult.} (46. Rb6 $142 {[%cal Yd5d6]}) 46... Qf8 {[%emt 0:
00:43]} (46... Rd6 $1) 47. Rc3 {[%emt 0:04:49]} (47. Rc6 $1 Qe8 48. Rb6 {
[%cal Yd5d6]}) 47... Qd6 {[%emt 0:03:53]} 48. Rg3 {[%emt 0:00:22]} g6 {[%emt 0:
00:13]} 49. Rd3 {[%emt 0:00:35]} Kh7 {[%emt 0:07:07]} 50. g3 {[%emt 0:00:47]}
Rd7 {[%emt 0:00:05]} 51. Kg2 {[%emt 0:00:05]} Rd8 {[%emt 0:01:04]} 52. h4 {
[%emt 0:00:55]} h5 {[%emt 0:01:22]} 53. Kf3 {[%emt 0:03:39]} Kg8 {[%emt 0:00:
37]} 54. Qf4 {[%emt 0:01:13]} Qa6 {[%emt 0:01:44]} 55. Qd4 {[%emt 0:01:47]} Qd6
{[%emt 0:00:11]} 56. Kg2 {[%emt 0:01:05]} Rd7 {[%emt 0:00:21]} 57. g4 {[%emt 0:
03:00] There is apparently no other way to make progress.} hxg4 {[%emt 0:02:31]
} 58. Qxg4 {[%emt 0:00:10]} Kg7 {[%emt 0:03:37]} 59. h5 {[%emt 0:01:10]} Re7 {
[%emt 0:05:44]} 60. Qd4+ {[%emt 0:00:00]} Qe5 {[%emt 0:00:00] Black goes for a
rook endgame. A correct decision as it should be drawish. However, Anish Giri
doesn't play it in the best way.} 61. hxg6 {[%emt 0:09:36]} Qxd4 {[%emt 0:04:
36]} 62. Rxd4 {[%emt 0:00:06]} Kxg6 {[%emt 0:00:56][%mdl 4096]} 63. Kf3 {
[%emt 0:00:09]} Kf5 $1 {[%emt 0:01:58] Shouldering White's king out of the way.
} 64. Rf4+ {[%emt 0:00:17]} Kg5 {[%emt 0:00:04]} 65. Re4 {[%emt 0:00:06]} Rd7
$2 {[%emt 0:00:10] The rook should be active!} (65... Ra7 $1 66. Re8 (66. Ke3
Ra3+ 67. Kd4 Ra4+ {, and White's king must retreat}) (66. Rd4 Kf5) (66. d6 Kf6
67. Kf4 Rd7 68. Rd4 Ke6 69. Kg5 Rxd6 70. Rxd6+ Kxd6 71. Kf6 Kd5 $11) 66... Ra1
$1 {, again stopping White's king, after which he can't make progress, e.g.}
67. Ke2 Ra5 68. Rd8 Kf6 {[%cal Rf6e7,Rf6e5]}) 66. Re5+ {[%emt 0:00:11]} Kf6 {
[%emt 0:00:06]} 67. Kf4 $2 {[%emt 0:02:05] A strange decision.} (67. Ke4 $1 Ra7
68. Re8 {, and White's king goes to the queenside. Black's rook is on the
short side of White's pawn, and it can't successfully attack White's king with
side checks. Therefore White wins.}) 67... Ra7 {[%emt 0:04:23]} 68. Rf5+ {
[%emt 0:03:34]} Ke7 {[%emt 0:01:08]} 69. Kg5 {[%emt 0:00:08] This outflanking
should not be enough for a victory.} Ra6 {[%emt 0:02:59] Again passive!} ({
White is unlikely to win after} 69... Ra3 70. Re5+ Kf8 $1 ({but not} 70... Kd6
71. f4 Rf3 72. Re8 {, and White gradually wins the f7-pawn keeping Black's
king cut off from White's f-pawn, on its long side}) {e.g.} 71. f4 Ra4 $1 72.
f5 Ra1) 70. Re5+ {[%emt 0:03:30]} Kd7 $2 {[%emt 0:00:05] Here, too, Black's
king should not go to the d-file.} (70... Kf8 $1 {should be enough to hold on
after all.}) 71. Re2 {[%emt 0:01:20] Not the most exact retreat but it doesn't
spoil much.} (71. Re1 $1 {was more accurate.}) 71... Rg6+ {[%emt 0:00:55]} (
71... Rd6 72. f4 Rxd5+ 73. Kf6 Kd8 74. f5 Ra5 75. Rh2 $18 {[%cal Yh2h8,Yh8f8]})
72. Kf5 {[%emt 0:00:07]} Ra6 {[%emt 0:05:36] An attempt to pin White's f-pawn 
(impossible in the event of 71.Re1) was insufficient after all:} (72... Rg2 73.
Kf6 Kd6 74. Rd2 Rg4 75. Kxf7 Rf4+ 76. Kg6 Rf8 77. Kg5 $1 Rg8+ 78. Kf6 Rf8+ 79.
Kg6 $22 Rg8+ (79... Rf3 80. Kg5 {[%cal Yg5g4,Yf2f4]}) 80. Kf7 Rg2 81. Kf6 Rh2
82. Kg5 Rg2+ 83. Kh4 Rh2+ 84. Kg3 Rh8 85. f4 {etc.}) 73. f4 {[%emt 0:00:39]}
Ra4 {[%emt 0:05:39]} 74. Kg5 {[%emt 0:03:09]} f6+ {[%emt 0:03:05] Otherwise
f4-f5-f6 etc.} 75. Kf5 {[%emt 0:00:14]} Kd6 {[%emt 0:02:55]} 76. Re4 {[%emt 0:
04:32]} Ra8 {[%emt 0:00:41]} 77. Kxf6 {[%emt 0:00:05]} Kxd5 {[%emt 0:00:20]
With his king on the long side of White's pawn, Black has no chances to
survive.} 78. Re5+ $1 {[%emt 0:00:20]} Kd4 {[%emt 0:01:24]} 79. Re6 {[%emt 0:
00:18]} Rf8+ {[%emt 0:01:12]} 80. Kg5 {[%emt 0:00:03]} Rg8+ {[%emt 0:01:07]}
81. Rg6 {[%emt 0:00:08]} Re8 {[%emt 0:00:08]} 82. f5 {[%emt 0:00:10]} Ke5 {
[%emt 0:00:03]} 83. Rg7 {[%emt 0:00:02]} 1-0